| 000 | 00574nam a2200169 a 4500 | ||
|---|---|---|---|
| 008 | 120416s1971 ||||||||||||||||| || u | ||
| 020 | _a0675092574 | ||
| 050 | _aQD 462 Gat | ||
| 100 | _aGatz, Carole R | ||
| 245 | 1 | 0 | _aIntroduction to quantum chemistry |
| 260 |
_aColumbus _bMerrill _c1971 |
||
| 300 | _ax, 550p. : ill. | ||
| 350 | _a0.00 | ||
| 650 | 0 | _aCHEMISTRY--HANDBOOKS, MANUALS, ETC | |
| 650 | 0 | _aQUANTUM CHEMISTRY | |
| 995 |
_D0.00 _FCBU-MAIN LIBRARY (Kitwe) _H1 _I14.60 _UOUT _ZMain Library Open Access Collection |
||
| 999 |
_c47969 _d47969 |
||